000 00737nam a2200241 a 4500
001 000048340
003 DO-SdBNP
005 20210915105026.0
007 ta
008 190208s 2018 dr 000 p spa d
020 _a9789945597646
040 _aDO-SdBNP
_bspa
_cBNPHU
082 4 _aBNPHU
_bB451h
100 1 _aBelmar, Álvaro
_975575
245 1 0 _aHuellas en la senda /
_cÁlvaro Belmar Guerrero ; prólogo Alejandro Solano.
260 _aSanto Domingo :
_bAmigo del Hogar,
_c2018.
300 _a64 p. ;
_c23 cm.
500 _aIncluye datos biográficos del autor en la solapa de la contracubierta
590 _aInventariado, 2019/LP
700 1 _aSolano, Alejandro,
_epról.
_956913
910 _aBtavárez
942 _2ddc
_cLBS1
999 _c47828
_d47828